000 00393 a2200169 4500
001 185240
020 _a85-7153-191-9
040 _cMagnum
100 _aBellinghausen, Biesemeyer Ingrid
240 1 0 _aVamos conhecer as profissões 1
_lpor
245 1 0 _aVamos conhecer as profissões 1
300 _a23
362 0 _a2005
440 1 _aRHJ
697 _aLITERATURA INFANTO
942 _cBK
999 _c185240
_d185240